Derecho de Daǫs las victm̕as y la compensacin̤ /

Detalles Bibliográficos
Autor principal: Fayos Gard,̤ Antonio
Formato: eBook
Lenguaje:español
Publicado: Madrid: Dykinson, 2016
Materias:
Acceso en línea:Acceso restringido

MARC

LEADER 00000nam a22000007a 4500
005 20180107194551.0
007 cr|||| ||||
008 180107s2016 sp |||||s|||| 00||0 spa d
020 |a 978-84-9085-944-5 
035 |a 14772 
040 |a vLex 
090 |c 7371  |d 7371 
100 1 |a Fayos Gard,̤ Antonio 
245 1 0 |a Derecho de Daǫs  |h [Recurso electrn̤ico]:  |b las victm̕as y la compensacin̤ /  |c Antonio Fayos Gard̤ 
256 |a Servicio en ln̕ea 
260 |a Madrid:  |b Dykinson,  |c 2016 
300 |a 1 recurso electrn̤ico 
506 1 |a Disponible solo en los productos indicados  |d vLex Global  |d vLex Global (Academic Edition, excluding Law Schools)  |d vLex Global (U.S. Academic Edition, Law Schools)  |d vLex Global (U.S. Academic Edition, excluding Law Schools)  |d vLex Global (Academic Edition, Law Schools) 
650 0 4 |a Derecho Civil  |z Espaą 
740 0 |a vLex Libros (Servicio en ln̕ea) 
856 4 0 |u http://vlex.com/source/derecho-da-os-14772/  |z Acceso restringido 
942 |c BOOK 
999 0 |a Civil law